000 00221 a2200109 4500
001 68551
040 _cAnchieta - Itaigara
240 1 0 _aIce Age
_l
245 1 0 _aIce Age
650 4 _aLiteratura infanto-juvenil
942 _cMU
999 _c68551
_d68551